Empleo rural, estado y políticas públicas en Honduras /

Gorde:
Xehetasun bibliografikoak
Egile nagusia: Aguilar, Reinelda
Egile korporatiboa: CSUCA, CIID UNAH
Beste egile batzuk: Vigil, Carlos
Formatua: Texto
Argitaratua: San José: CSUCA. CIID. UNAH
Etiketak: Etiketa erantsi
Etiketarik gabe, Izan zaitez lehena erregistro honi etiketa jartzen!

MARC

LEADER 00000 a a2200000 04500
001 21026
003
040
090 |a 090600  
100 |a Aguilar, Reinelda  
110 |a CSUCA  
245 |a Empleo rural, estado y políticas públicas en Honduras /  |c CSUCA  
260 |a San José:   |b CSUCA. CIID. UNAH  
300 |a 293 p.  
700 |a Vigil, Carlos  
710 |a CIID   |a UNAH  
999 |c 7998  |d 7998